000 00868nam a2200205Ia 4500
003 0
005 20250130111421.0
008 150126s9999 xx 000 0 und d
050 _aPHS TP 360
_b.D238 2014
100 _aDauigoy, Henzor Vincent G.
245 2 _aA quantitative analysis on the feasibility of virgin coconut (Cocos nucifera) oil and pili (Canarium ovatum) pulp oil as sources of biodiesel /
_cHenzor Vincent G. Dauigoy.
260 _aLas PiƱas City, Philippines :
_bSouthville International School and Colleges,
_c2014.
300 _a40 pages :
_billustration ;
_c28 cm.
504 _aIncludes bibliographical references.
650 _aVegetable oils as fuel.
650 _aCoconut oil
_xIndustrial applications.
650 _aPili nut oil
_xAlternative energy sources.
650 _aRenewable energy sources
_xPlant-based fuels.
942 _2lcc
_cPASS
999 _c278690
_d278690